| 000 | 00488nam a2200169 i 4500 | ||
|---|---|---|---|
| 001 | 81371 | ||
| 003 | ES-MaACL | ||
| 005 | 20230906174426.0 | ||
| 007 | t| | ||
| 008 | 041104s1969 sp ||||1| spa d | ||
| 100 | 1 |
_aHughes, John B. _964613 |
|
| 245 | 1 | 0 |
_aJosé Cadalso y las Cartas marruecas / _cJohn B. Hughes. |
| 260 |
_aMadrid : _bTecnos, _c1969. |
||
| 300 |
_a104 p. ; _c21 cm. |
||
| 600 | 1 | 4 |
_aCadalso, José ( _d1741-1782). _tCartas marruecas. _9172354 |
| 852 |
_aES-MaACL _jC-46961 |
||
| 999 |
_c81371 _d81371 |
||